00422 2200169 4500001002100000005001500021008004100036020002200077035001900099041000700118082000800125090001400133100001900147245003900166260002600205300002100231INLIS00000000000027520241224112139241224||||||||| | ||| |||| || |  a978-979-1277-34-1 0010-1224000275 aid0 a320 a320 WAH d0 aR.B. Suhartono00adimensi kekuasaan negara indonesia bpustaka pelajarc2007 a251 hlm; 20,9 cm